Flags of Argentina's provinces (difficulty: hard) - Statistics

General Stats
  • This quiz has been taken 237 times
    236 since last reset
  • The average score is 13 of 24
Answer Stats
Flag Province % Correct
Tierra del Fuego, Antarctica and South Atlantic Islands
84%
Santa Cruz
72%
Buenos Aires
67%
Santa Fe
67%
Ciudad Autónoma de Buenos Aires
61%
Córdoba
60%
Río Negro
58%
Salta
58%
Entre Ríos
55%
Misiones
53%
Chubut
51%
Jujuy
50%
Tucumán
49%
Catamarca
48%
Mendoza
48%
Formosa
47%
La Pampa
47%
Neuquén
45%
Chaco
44%
San Luis
44%
Santiago del Estero
43%
Corrientes
42%
San Juan
40%
La Rioja
39%
No matching quizzes found
Score Distribution
Percent of People with Each Score
Percentile by Number Answered
Your Score History
You have not taken this quiz since the last reset